000 01501nam0a22002891 4500
001 rc\4608666
005 20130416194459.4
021 _aRU
_b[62-42032]
035 _a(NLR Aleph) 008669850
090 _a9113427
_c9113427
100 _a20130416d1962 |||y0rusy50 ca
101 0 _arus
102 _aRU
105 _aa z |||||
200 1 _aОхрана водоемов и методы очистки воды
_e[Сборник статей
_fРед. коллегия: чл.-кор. АН УССР Л.А. Кульский и др.]
_gУкр. респ. науч.-техн. о-во гор. хозяйства и автомоб. транспорта. Совет по изучению производит. сил УССР Акад. наук УССР
210 _aКиев
_cИзд-во Акад. наук УССР
_d1962
215 _a128 с.
_cчерт.
_d22
320 _aБиблиогр. в конце статей
606 _aСточные воды, промышленные
_xОчистка
_2psbo
606 _aВодоемы
_xСанитарная охрана
_2psbo
702 1 _aКульский
_bЛ. А.
_gЛеонид Адольфович
_4340
712 0 2 _aНаучно-техническое о-во гор. хозяйства и автомобильного транспорта
_cМосква
_bУкраинское респ. правление
_3RU\NLR\AUTH\889952947
801 0 _aRU
_bNLR
_gpsbo
801 1 _aRU
_bELAR
_2rusmarc
852 _aNLR
_j62-5/3017
942 _cBOOK
980 _aNB